000 00688nam a22002292 4500
001 18791
003 BD-RjUL
005 20211209000332.0
008 160714s19641950enk 001 0 eng d
035 _aOCLC ocm11406801 from D970115M
_a(BD-RjUL)18849
040 _aORE
_cORE
_dUKM
_dBD-RjUL
_beng
041 _aeng
082 0 4 _a821
_218
_bTEP 1964
090 _aPR5551
_b1832
100 1 _aTennyson, Alfred Tennyson,
_d1809-1892.
_957941
245 1 0 _aPoems 1832-1842 /
_cWith introd. and notes by J.H. Fowler.
260 _aLondon :
_bMacmillan and Co.,
_c1954.
300 _axvii, 259 p. ;
_c18 cm.
500 _aIncludes index.
650 _aPoetry
_957942
942 _2ddc
_cBK
999 _c18791
_d18791